[Event "Muensterland Regionalliga Gr1 2223"]
[Site "Germany"]
[Date "2022.11.05"]
[Round "3.7"]
[White "Waltermann, Jens"]
[Black "Bahr, Maximilian"]
[Result "1/2-1/2"]
[WhiteElo "1823"]
[BlackElo "1740"]
[PlyCount "88"]
[EventDate "2022.09.03"]
[EventType "team-tourn"]
[EventRounds "7"]
[EventCountry "GER"]
[SourceTitle "EXT 2024"]
[Source "ChessBase"]
[SourceDate "2023.10.10"]
[SourceVersion "1"]
[SourceVersionDate "2023.10.10"]
[SourceQuality "1"]
[WhiteTeam "Saerbeck"]
[BlackTeam "Emsdetten Rochade"]
[WhiteTeamCountry "GER"]
[BlackTeamCountry "GER"]

1. Nf3 d5 2. g3 Nf6 3. Bg2 c5 4. d3 Nc6 5. 0-0 e5 6. c4 d4 7. Nbd2 Bd6 8. a3 a5 9. Rb1 0-0 10. b3 Qc7 11. Ng5 Be7 12. Nge4 Nd7 13. g4 Re8 14. h3 Nf8 15. Ng3 Ng6 16. e3 b6 17. Bd5 Bb7 18. Nde4 Nd8 19. Bxb7 Qxb7 20. Nf5 Rf8 21. a4 Nc6 22. Qf3 Nh4 23. Nxh4 Bxh4 24. Nd6 Qd7 25. Nf5 Bf6 26. e4 Nb4 27. Rb2 Kh8 28. Bd2 Qe6 29. Kg2 g6 30. Ng3 Be7 31. Rh1 f6 32. Kf1 Rf7 33. Ke2 Kg7 34. Rbb1 Bd6 35. Rbg1 Kf8 36. h4 Ke7 37. h5 Rg8 38. hxg6 hxg6 39. Bxb4 cxb4 40. Rh6 Qc8 41. Rgh1 Rgg7 42. Kd2 Qf8 43. R1h2 Bc7 44. R6h3 Qc8 1/2-1/2

[Event "Muensterland Regionalliga Gr1 2223"]
[Site "Germany"]
[Date "2022.09.24"]
[Round "2.6"]
[White "Waltermann, Jens"]
[Black "Steverding, Tim"]
[Result "1/2-1/2"]
[WhiteElo "1823"]
[BlackElo "1605"]
[PlyCount "48"]
[EventDate "2022.09.03"]
[EventType "team-tourn"]
[EventRounds "7"]
[EventCountry "GER"]
[SourceTitle "EXT 2024"]
[Source "ChessBase"]
[SourceDate "2023.10.10"]
[SourceVersion "1"]
[SourceVersionDate "2023.10.10"]
[SourceQuality "1"]
[WhiteTeam "Saerbeck"]
[BlackTeam "Bocholt"]
[WhiteTeamCountry "GER"]
[BlackTeamCountry "GER"]

1. Nf3 Nf6 2. g3 d5 3. Bg2 Bf5 4. d3 e6 5. 0-0 h6 6. c4 c6 7. Qb3 Qb6 8. Qxb6 axb6 9. cxd5 exd5 10. Nc3 Be7 11. Re1 0-0 12. e4 dxe4 13. dxe4 Bh7 14. e5 Nfd7 15. Be3 Bc5 16. a3 Na6 17. Rad1 Rad8 18. Bh3 Bxe3 19. Rxe3 Ndc5 20. b4 Rxd1+ 21. Nxd1 Ne6 22. Nc3 Nac7 23. Bxe6 Nxe6 24. Ne4 Bxe4 1/2-1/2

[Event "Muensterland Verbandsliga 1920"]
[Site "Germany"]
[Date "2020.02.01"]
[Round "6.8"]
[White "Waltermann, Jens"]
[Black "Hagemann, Lars"]
[Result "1/2-1/2"]
[WhiteElo "1793"]
[BlackElo "1724"]
[PlyCount "57"]
[EventDate "2019.09.07"]
[EventType "team-tourn"]
[EventRounds "7"]
[EventCountry "GER"]
[SourceTitle "EXT 2023"]
[Source "ChessBase"]
[SourceDate "2022.10.05"]
[SourceVersion "1"]
[SourceVersionDate "2022.10.05"]
[SourceQuality "1"]
[WhiteTeam "Saerbeck"]
[BlackTeam "Nienberge II"]
[WhiteTeamCountry "GER"]
[BlackTeamCountry "GER"]

1. Nf3 Nf6 2. g3 d5 3. Bg2 e6 4. d4 c5 5. c3 Be7 6. 0-0 0-0 7. Ne5 Nc6 8. f4 Qc7 9. e3 b6 10. Nd2 Bb7 11. h4 Rad8 12. Bh3 g6 13. g4 Ne4 14. g5 Ng3 15. Rf3 Nf5 16. h5 Nxe5 17. dxe5 d4 18. e4 dxc3 19. Rxc3 Bxe4 20. Qe2 Bb7 21. Bxf5 exf5 22. Nf1 Qc6 23. hxg6 Qh1+ 24. Kf2 hxg6 25. Be3 Qh4+ 26. Kg1 Qh1+ 27. Kf2 Qh4+ 28. Kg1 Qh1+ 29. Kf2 1/2-1/2

[Event "Muensterland Verbandsliga 1617"]
[Site "Germany"]
[Date "2016.11.26"]
[Round "4.5"]
[White "Esser, Peter"]
[Black "Waltermann, Jens"]
[Result "1/2-1/2"]
[WhiteElo "1758"]
[BlackElo "1872"]
[PlyCount "42"]
[EventDate "2016.09.10"]
[EventType "team"]
[EventRounds "9"]
[EventCountry "GER"]
[SourceTitle "EXT 2018"]
[Source "ChessBase"]
[SourceDate "2017.10.13"]
[SourceVersion "1"]
[SourceVersionDate "2017.10.13"]
[SourceQuality "1"]
[WhiteTeam "Telgte"]
[BlackTeam "Saerbeck"]
[WhiteTeamCountry "GER"]
[BlackTeamCountry "GER"]

1. d4 Nf6 2. Nf3 g6 3. c4 Bg7 4. Nc3 0-0 5. e4 d6 6. Be2 c6 7. h3 Na6 8. Be3 Nc7 9. Qc2 Bd7 10. 0-0 b5 11. b3 b4 12. Nb1 a5 13. Nbd2 Na6 14. Rad1 c5 15. Rfe1 cxd4 16. Bxd4 e5 17. Be3 Qc7 18. Nf1 Nc5 19. Ng3 Rfe8 20. Bd3 Bc6 21. Bc1 Rad8 1/2-1/2

[Event "Muensterland Verbandsliga 1617"]
[Site "Germany"]
[Date "2016.10.01"]
[Round "2.5"]
[White "Waltermann, Jens"]
[Black "Hofene, Josef"]
[Result "1/2-1/2"]
[WhiteElo "1872"]
[BlackElo "1672"]
[PlyCount "152"]
[EventDate "2016.09.10"]
[EventType "team"]
[EventRounds "9"]
[EventCountry "GER"]
[SourceTitle "EXT 2018"]
[Source "ChessBase"]
[SourceDate "2017.10.13"]
[SourceVersion "1"]
[SourceVersionDate "2017.10.13"]
[SourceQuality "1"]
[WhiteTeam "Saerbeck"]
[BlackTeam "Beelen"]
[WhiteTeamCountry "GER"]
[BlackTeamCountry "GER"]

1. Nf3 Nf6 2. g3 g6 3. Bg2 Bg7 4. 0-0 0-0 5. c4 c6 6. Nc3 d5 7. cxd5 cxd5 8. d4 Nc6 9. e3 Bf5 10. Ne5 Qc7 11. Nxc6 bxc6 12. Bd2 Rab8 13. b3 Qd6 14. Re1 Nd7 15. Rc1 e5 16. e4 Be6 17. dxe5 Nxe5 18. Bf4 d4 19. Nb1 Rbc8 20. Re2 Qd7 21. Bxe5 Bxe5 22. Rd2 c5 23. Na3 Bh3 24. Nc4 Bg7 25. Rd3 Bxg2 26. Kxg2 f5 27. exf5 Rxf5 28. f3 Re8 29. Rc2 g5 30. g4 Rf4 31. h3 Qe7 32. Kf2 h5 33. Re2 Qd7 34. Rxe8+ Qxe8 35. Qe2 Qxe2+ 36. Kxe2 Kf7 37. Nd6+ Kg6 38. Ne4 hxg4 39. hxg4 Bf8 40. Rd1 Rf7 41. Rc1 Rc7 42. Kd3 Rf7 43. Rf1 a5 44. Kc4 a4 45. Nxc5 Bxc5 46. Kxc5 axb3 47. axb3 Rd7 48. b4 Kf6 49. b5 Ke7 50. Rh1 d3 51. Rd1 d2 52. Kc4 Rc7+ 53. Kd5 Rb7 54. Kc6 Rd7 55. b6 Rd6+ 56. Kc5 Rd7 57. Kc4 Rb7 58. Kb5 Rd7 59. Kc5 Ke6 60. Kc6 Rd6+ 61. Kc7 Rd7+ 62. Kc8 Rd3 63. b7 Rc3+ 64. Kd8 Rd3+ 65. Ke8 Rb3 66. Rxd2 Rxb7 67. Re2+ Kf6 68. Re3 Ra7 69. Kf8 Rf7+ 70. Kg8 Rg7+ 71. Kh8 Ra7 72. Re8 Rb7 73. Rf8+ Kg6 74. Ra8 Kf6 75. Ra6+ Ke5 76. Ra5+ Kf6 1/2-1/2

[Event "Muensterland Verbandsliga 1516"]
[Site "Germany"]
[Date "2016.04.23"]
[Round "8.4"]
[White "Boerger, Andreas"]
[Black "Waltermann, Jens"]
[Result "1-0"]
[WhiteElo "1811"]
[BlackElo "1837"]
[PlyCount "117"]
[EventDate "2015.09.12"]
[EventType "team"]
[EventRounds "9"]
[EventCountry "GER"]
[SourceTitle "EXT 2017"]
[Source "ChessBase"]
[SourceDate "2016.10.25"]
[SourceVersion "1"]
[SourceVersionDate "2016.10.25"]
[SourceQuality "1"]
[WhiteTeam "Muenster SK IV"]
[BlackTeam "Saerbeck"]
[WhiteTeamCountry "GER"]
[BlackTeamCountry "GER"]

1. c4 c5 2. Nc3 Nc6 3. g3 g6 4. Bg2 Bg7 5. d3 d6 6. Bd2 Bd7 7. a3 Qc8 8. Rb1 Rb8 9. b4 b6 10. b5 Nd8 11. Qc1 h5 12. h3 Nf6 13. Nf3 Ne6 14. Ng5 Nc7 15. 0-0 Nh7 16. Nxh7 Rxh7 17. Kh2 h4 18. g4 Bxg4 19. hxg4 Qxg4 20. Bc6+ Kf8 21. Rg1 Qf5 22. f4 e5 23. Be4 Qf6 24. Nd5 Nxd5 25. Bxd5 Bh6 26. e3 Re8 27. Be4 Rg7 28. Qf1 Ke7 29. Qf3 g5 30. f5 Rgg8 31. Rg4 Qh8 32. Bc6 Rd8 33. Rf1 f6 34. Qd5 Qg7 35. Qe4 Kf8 36. a4 Qc7 37. Ra1 Rg7 38. Kh3 Qc8 39. Rgg1 a5 40. bxa6 Qxa6 41. Kg4 Rc7 42. Qd5 Qc8 43. Bb5 Qa8 44. Qxa8 Rxa8 45. Ra2 Kg8 46. Rga1 Bf8 47. a5 bxa5 48. Rxa5 Rxa5 49. Rxa5 Kg7 50. Ra6 Be7 51. Bc6 Rc8 52. Ra7 Rxc6 53. Rxe7+ Kf8 54. Ra7 Rb6 55. Ba5 Rb3 56. Kh5 Rxd3 57. Kg6 h3 58. Kxf6 Kg8 59. Kg6 1-0

[Event "Muensterland Verbandsliga 1516"]
[Site "Germany"]
[Date "2016.01.16"]
[Round "5.4"]
[White "Hemmers, Dieter"]
[Black "Waltermann, Jens"]
[Result "0-1"]
[WhiteElo "1799"]
[BlackElo "1837"]
[PlyCount "70"]
[EventDate "2015.09.12"]
[EventType "team"]
[EventRounds "9"]
[EventCountry "GER"]
[SourceTitle "EXT 2017"]
[Source "ChessBase"]
[SourceDate "2016.10.25"]
[SourceVersion "1"]
[SourceVersionDate "2016.10.25"]
[SourceQuality "1"]
[WhiteTeam "Emsdetten Rochade II"]
[BlackTeam "Saerbeck"]
[WhiteTeamCountry "GER"]
[BlackTeamCountry "GER"]

1. e4 g6 2. d4 Bg7 3. Nc3 d6 4. Be3 c6 5. Bd3 Nf6 6. h3 0-0 7. Nf3 Re8 8. 0-0 Qc7 9. Re1 e5 10. dxe5 dxe5 11. Qd2 Nbd7 12. Rad1 b5 13. a3 a6 14. Bf1 Bb7 15. Bg5 Rad8 16. Qe3 c5 17. Nd2 Nf8 18. Ne2 Ne6 19. c3 Nxg5 20. Qxg5 Nxe4 21. Nxe4 Bxe4 22. Ng3 Bc6 23. Qe3 c4 24. a4 f5 25. axb5 axb5 26. Qe2 Rxd1 27. Rxd1 Rd8 28. Rb1 Qf7 29. Qc2 Bh6 30. Rd1 Rxd1 31. Qxd1 Qd5 32. Qe2 f4 33. Nh1 e4 34. Qg4 Bd7 35. Qh4 Bg5 0-1

[Event "Muensterland Verbandsliga 1415"]
[Site "Germany"]
[Date "2015.05.09"]
[Round "9.5"]
[White "Tsoukkerman, Boris Z"]
[Black "Waltermann, Jens"]
[Result "1/2-1/2"]
[WhiteElo "1915"]
[BlackElo "1845"]
[PlyCount "26"]
[EventDate "2014.09.06"]
[EventType "team-tourn"]
[EventRounds "9"]
[EventCountry "GER"]
[SourceTitle "EXT 2016"]
[Source "ChessBase"]
[SourceDate "2015.10.08"]
[SourceVersion "1"]
[SourceVersionDate "2015.10.08"]
[SourceQuality "1"]
[WhiteTeam "Gronau"]
[BlackTeam "Saerbeck"]
[WhiteTeamCountry "GER"]
[BlackTeamCountry "GER"]

1. b4 d5 2. Bb2 Nf6 3. e3 Bf5 4. Nf3 h6 5. c4 e6 6. b5 Be7 7. Qb3 Nbd7 8. d4 0-0 9. Nbd2 c6 10. Be2 dxc4 11. Nxc4 c5 12. 0-0 cxd4 13. exd4 Nb6 1/2-1/2

[Event "Muensterland Verbandsliga 1314"]
[Site "Germany"]
[Date "2013.12.07"]
[Round "4.3"]
[White "Waltermann, Jens"]
[Black "Hanewinkel, Winfried"]
[Result "1/2-1/2"]
[WhiteElo "1845"]
[BlackElo "1873"]
[PlyCount "105"]
[EventDate "2013.09.07"]
[EventType "team-tourn"]
[EventRounds "9"]
[EventCountry "GER"]
[SourceTitle "EXT 2015"]
[Source "ChessBase"]
[SourceDate "2014.11.20"]
[SourceVersion "1"]
[SourceVersionDate "2014.11.20"]
[SourceQuality "1"]
[WhiteTeam "Saerbeck"]
[BlackTeam "Beelen"]
[WhiteTeamCountry "GER"]
[BlackTeamCountry "GER"]

1. Nf3 Nf6 2. g3 d5 3. d4 c6 4. Bg2 Bf5 5. 0-0 e6 6. c3 Bd6 7. Nbd2 h6 8. Qb3 Qb6 9. h3 Nbd7 10. Re1 0-0 11. Qxb6 Nxb6 12. Nh4 Bh7 13. Bf3 Rfe8 14. Ng2 e5 15. dxe5 Bxe5 16. Nf1 d4 17. Bf4 dxc3 18. Bxe5 Rxe5 19. bxc3 Rc5 20. Rec1 Nbd5 21. Bxd5 Nxd5 22. c4 Nb6 23. Nge3 Kf8 24. Nd2 Rd8 25. Nb3 Re5 26. a4 f6 27. Rc3 Bg8 28. a5 Nc8 29. f4 Re7 30. c5 Rde8 31. Kf2 Re4 32. Nd2 Rb4 33. Rb1 Rxb1 34. Nxb1 Ne7 35. Rd3 Nd5 36. Nxd5 cxd5 37. Nd2 Rc8 38. Rc3 Ke7 39. Ke3 Kd7 40. Kd4 Re8 41. e3 Kc6 42. Rb3 Be6 43. h4 Bg4 44. Ra3 Bc8 45. Rb3 g5 46. hxg5 hxg5 47. fxg5 fxg5 48. e4 Rd8 49. e5 g4 50. Re3 Be6 51. Re2 Kb5 52. Nf1 Rf8 53. Ne3 1/2-1/2

[Event "Muensterland Verbandsliga 1314"]
[Site "Germany"]
[Date "2013.09.07"]
[Round "1.5"]
[White "Beyer, Dietmar"]
[Black "Waltermann, Jens"]
[Result "1/2-1/2"]
[WhiteElo "1964"]
[BlackElo "1845"]
[PlyCount "64"]
[EventDate "2013.09.07"]
[EventType "team-tourn"]
[EventRounds "9"]
[EventCountry "GER"]
[SourceTitle "EXT 2015"]
[Source "ChessBase"]
[SourceDate "2014.11.20"]
[SourceVersion "1"]
[SourceVersionDate "2014.11.20"]
[SourceQuality "1"]
[WhiteTeam "Heiden"]
[BlackTeam "Saerbeck"]
[WhiteTeamCountry "GER"]
[BlackTeamCountry "GER"]

1. e4 d6 2. f4 g6 3. Nf3 Bg7 4. d4 c6 5. Bd3 Qb6 6. c3 d5 7. Nbd2 dxe4 8. Nxe4 Nf6 9. Qe2 Nxe4 10. Bxe4 Nd7 11. Ne5 Nf6 12. Bf3 Be6 13. Be3 Bd5 14. 0-0 Bxf3 15. Rxf3 Qc7 16. f5 Nd5 17. Bf2 g5 18. Bg3 Qd8 19. Rd1 h5 20. h4 g4 21. Rfd3 Bh6 22. c4 Nf4 23. Bxf4 Bxf4 24. Rf1 Bh6 25. Nxf7 Kxf7 26. Qe6+ Kg7 27. Qg6+ Kf8 28. f6 e6 29. d5 cxd5 30. cxd5 exd5 31. Re1 Rc8 32. f7 Qb6+ 1/2-1/2

[Event "Muensterland Verbandsklasse-B 1213"]
[Site "Germany"]
[Date "2013.04.20"]
[Round "8.5"]
[White "Junker, Axel"]
[Black "Waltermann, Jens"]
[Result "1/2-1/2"]
[WhiteElo "1816"]
[BlackElo "1864"]
[PlyCount "126"]
[EventDate "2012.09.15"]
[EventType "team-tourn"]
[EventRounds "9"]
[EventCountry "GER"]
[SourceTitle "EXT 2015"]
[Source "ChessBase"]
[SourceDate "2014.11.20"]
[SourceVersion "1"]
[SourceVersionDate "2014.11.20"]
[SourceQuality "1"]
[WhiteTeam "Telgte"]
[BlackTeam "Saerbeck"]
[WhiteTeamCountry "GER"]
[BlackTeamCountry "GER"]

1. c4 Nf6 2. Nc3 g6 3. Nf3 c5 4. d4 cxd4 5. Nxd4 Bg7 6. e4 d6 7. Be2 Nc6 8. Be3 0-0 9. 0-0 Bd7 10. Rc1 h5 11. Nxc6 Bxc6 12. f3 b6 13. Qd2 Kh7 14. Rfd1 Qd7 15. Qe1 Bh6 16. Bxh6 Kxh6 17. e5 Ne8 18. Qg3 Qe6 19. f4 dxe5 20. Qg5+ Kg7 21. Qxe5+ Qxe5 22. fxe5 e6 23. b4 Rc8 24. b5 Ba8 25. Rd7 Rc7 26. Rcd1 Bb7 27. Rxc7 Nxc7 28. Rd7 Rc8 29. Bf3 Bxf3 30. gxf3 Ne8 31. Rxa7 Rxc4 32. Ne4 Nc7 33. a4 Nd5 34. Nd6 Rc1+ 35. Kf2 Rc2+ 36. Kg3 g5 37. Rxf7+ Kg6 38. h4 Re2 39. hxg5 Rxe5 40. f4 Re3+ 41. Kf2 Rd3 42. Nc4 Kxf7 43. Ne5+ Ke7 44. Nxd3 Nc3 45. Nb2 Kf7 46. Kg3 Kg6 47. Kh4 Ne2 48. Nd3 Nc3 49. Ne5+ Kg7 50. Kxh5 Nxa4 51. Nc4 Nc3 52. Nd6 Nd5 53. Kg4 Nc7 54. Kf3 Kg6 55. Ke4 Kg7 56. Ke5 Kg6 57. Nc4 Nxb5 58. Nxb6 Kf7 59. Nd7 Na3 60. Nc5 Nc4+ 61. Kd4 Nd2 62. Ke5 Nf3+ 63. Kd6 e5 1/2-1/2

[Event "Muensterland Verbandsklasse-B 1213"]
[Site "Germany"]
[Date "2013.03.16"]
[Round "7.4"]
[White "Lanfer, Stefanie"]
[Black "Waltermann, Jens"]
[Result "1-0"]
[WhiteElo "1745"]
[BlackElo "1864"]
[PlyCount "69"]
[EventDate "2012.09.15"]
[EventType "team-tourn"]
[EventRounds "9"]
[EventCountry "GER"]
[SourceTitle "EXT 2015"]
[Source "ChessBase"]
[SourceDate "2014.11.20"]
[SourceVersion "1"]
[SourceVersionDate "2014.11.20"]
[SourceQuality "1"]
[WhiteTeam "Gescher"]
[BlackTeam "Saerbeck"]
[WhiteTeamCountry "GER"]
[BlackTeamCountry "GER"]

1. e4 d6 2. d4 g6 3. Nc3 Bg7 4. Be3 Nf6 5. f3 0-0 6. Qd2 Re8 7. 0-0-0 c6 8. g4 b5 9. g5 Nfd7 10. h4 b4 11. Nb1 a5 12. h5 Nf8 13. hxg6 fxg6 14. Bh3 Nbd7 15. Qh2 Nb6 16. Nd2 a4 17. f4 d5 18. Bxc8 Rxc8 19. f5 dxe4 20. fxg6 hxg6 21. Ne2 Nd5 22. Bf4 e3 23. Nc4 Nxf4 24. Nxf4 Qc7 25. Qh4 e5 26. Nxg6 e2 27. Rde1 Nxg6 28. Qh7+ Kf7 29. Rxe2 Re6 30. Rf1+ Ke8 31. Qg8+ Nf8 32. Rxf8+ Bxf8 33. Qxe6+ Kd8 34. Qxe5 Be7 35. g6 1-0

[Event "Muensterland Verbandsklasse-B 1213"]
[Site "Germany"]
[Date "2012.09.15"]
[Round "1.4"]
[White "Teloeken, Daniel"]
[Black "Waltermann, Jens"]
[Result "1/2-1/2"]
[WhiteElo "1682"]
[BlackElo "1864"]
[PlyCount "42"]
[EventDate "2012.09.15"]
[EventType "team-tourn"]
[EventRounds "9"]
[EventCountry "GER"]
[SourceTitle "EXT 2015"]
[Source "ChessBase"]
[SourceDate "2014.11.20"]
[SourceVersion "1"]
[SourceVersionDate "2014.11.20"]
[SourceQuality "1"]
[WhiteTeam "Suedlohn II"]
[BlackTeam "Saerbeck"]
[WhiteTeamCountry "GER"]
[BlackTeamCountry "GER"]

1. e3 g6 2. d4 Bg7 3. c3 Nf6 4. Bd3 d5 5. f4 c6 6. Nf3 Bf5 7. 0-0 Nbd7 8. Qc2 Bxd3 9. Qxd3 e6 10. Nbd2 0-0 11. b3 Re8 12. Bb2 Nb6 13. Rac1 Nc8 14. Ba3 Nd6 15. Bxd6 Qxd6 16. Ne5 Nd7 17. e4 Nf8 18. Nef3 f5 19. e5 Qe7 20. h3 Rad8 21. g4 Rd7 1/2-1/2

[Event "Muensterland Verbandsliga 1112"]
[Site "Germany"]
[Date "2012.01.07"]
[Round "5.4"]
[White "Waltermann, Jens"]
[Black "Broemmel, Rudolf"]
[Result "1/2-1/2"]
[WhiteElo "1890"]
[BlackElo "1879"]
[PlyCount "97"]
[EventDate "2011.09.24"]
[EventType "team-tourn"]
[EventRounds "9"]
[EventCountry "GER"]
[SourceTitle "EXT 2013"]
[Source "ChessBase"]
[SourceDate "2012.11.22"]
[SourceVersion "1"]
[SourceVersionDate "2012.11.22"]
[SourceQuality "1"]
[WhiteTeam "Saerbeck"]
[BlackTeam "Raesfeld Erle"]
[WhiteTeamCountry "GER"]
[BlackTeamCountry "GER"]

1. Nf3 Nc6 2. d4 d5 3. c4 Bg4 4. e3 e5 5. Be2 exd4 6. Nxd4 Bxe2 7. Qxe2 Bb4+ 8. Nc3 Nge7 9. 0-0 Bxc3 10. bxc3 Ne5 11. cxd5 Qxd5 12. Ba3 c5 13. Qb5+ Nd7 14. Nf3 Qc6 15. Qc4 0-0 16. Rfd1 b6 17. Rd2 Ng6 18. Rad1 Nde5 19. Nxe5 Nxe5 20. Qd5 Qxd5 21. Rxd5 Nc4 22. Bc1 f5 23. f3 Rae8 24. Kf2 Re7 25. Rd7 Rff7 26. Rd8+ Rf8 27. Rxf8+ Kxf8 28. Rd5 g6 29. Ke2 Kf7 30. f4 Ke6 31. Rd8 Rd7 32. Rxd7 Kxd7 33. Kd3 b5 34. e4 Ke6 35. e5 Kd5 36. Be3 Nb2+ 37. Kc2 Nc4 38. Kd3 Nb2+ 39. Kc2 Nc4 40. Kd3 a6 41. Bd2 Nb6 42. Be3 Nd7 43. Bc1 Nf8 44. h4 Ne6 45. g3 Nd8 46. Bd2 Nf7 47. Be3 Nh6 48. Bf2 Ng4 49. Bg1 1/2-1/2

[Event "Muensterland Verbandsliga 1011"]
[Site "Germany"]
[Date "2011.02.05"]
[Round "6.3"]
[White "Kemper, Georg"]
[Black "Waltermann, Jens"]
[Result "1/2-1/2"]
[WhiteElo "1964"]
[BlackElo "1932"]
[PlyCount "52"]
[EventDate "2010.09.25"]
[EventType "team-tourn"]
[EventRounds "9"]
[EventCountry "GER"]
[SourceTitle "EXT 2012"]
[Source "ChessBase"]
[SourceDate "2011.11.24"]
[SourceVersion "1"]
[SourceVersionDate "2011.11.24"]
[SourceQuality "1"]
[WhiteTeam "Nienberge"]
[BlackTeam "Saerbeck"]
[WhiteTeamCountry "GER"]
[BlackTeamCountry "GER"]

1. d4 Nf6 2. c4 g6 3. f3 d6 4. e4 e5 5. Be3 Nc6 6. d5 Ne7 7. Bd3 Bg7 8. Ne2 h6 9. Qd2 Nd7 10. Nbc3 f5 11. f4 0-0 12. 0-0 h5 13. fxe5 Nxe5 14. Bg5 Nxd3 15. Qxd3 Kh7 16. Ng3 Bf6 17. Bxf6 Rxf6 18. exf5 Nxf5 19. Nce4 Rf8 20. Qf3 h4 21. Ne2 Bd7 22. Qg4 Qe7 23. Nf4 Qxe4 24. Qxg6+ Kh8 25. Qh5+ Kg8 26. Qg6+ Kh8 1/2-1/2

[Event "Muensterland Verbandsliga 0809"]
[Site "Germany"]
[Date "2009.01.31"]
[Round "6.5"]
[White "Boesel, Alexander"]
[Black "Waltermann, Jens"]
[Result "0-1"]
[WhiteElo "2017"]
[BlackElo "1897"]
[PlyCount "90"]
[EventDate "2008.09.20"]
[EventType "team-tourn"]
[EventRounds "9"]
[EventCountry "GER"]
[SourceTitle "EXT 2010"]
[Source "ChessBase"]
[SourceDate "2010.11.25"]
[SourceVersion "1"]
[SourceVersionDate "2010.11.25"]
[SourceQuality "1"]
[WhiteTeam "Olfen"]
[BlackTeam "Saerbeck"]
[WhiteTeamCountry "GER"]
[BlackTeamCountry "GER"]

1. d4 Nf6 2. Nf3 g6 3. c4 Bg7 4. Nc3 d6 5. e4 0-0 6. Be2 Nc6 7. 0-0 e5 8. d5 Ne7 9. Ne1 Ne8 10. Be3 f5 11. f3 f4 12. Bf2 g5 13. b4 Rf6 14. c5 Rg6 15. a4 h5 16. cxd6 cxd6 17. Nb5 a6 18. Na7 Bd7 19. b5 a5 20. b6 g4 21. Qd2 Bh6 22. Qxa5 g3 23. Qb4 gxf2+ 24. Rxf2 Nc8 25. Nxc8 Qxc8 26. Nd3 h4 27. a5 Rb8 28. Rc1 Qd8 29. Bf1 h3 30. Ne1 hxg2 31. Nxg2 Rg7 32. Rfc2 Qg5 33. Ra1 Bh3 34. Raa2 Qh5 35. Ra3 Bg5 36. Bb5 Bd7 37. Bxd7 Rxd7 38. Rac3 Rh7 39. Ne1 Bh4 40. Rg2+ Kf8 41. Rc7 Rh6 42. Rcc2 Bxe1 43. Qxe1 Qxf3 44. Rcf2 Qd3 45. Rg5 Rc8 0-1

[Event "Muensterland Verbandsliga 0809"]
[Site "Germany"]
[Date "2009.01.10"]
[Round "5.4"]
[White "Darwisch, Mohamed"]
[Black "Waltermann, Jens"]
[Result "1/2-1/2"]
[WhiteElo "1963"]
[BlackElo "1897"]
[PlyCount "45"]
[EventDate "2008.09.20"]
[EventType "team-tourn"]
[EventRounds "9"]
[EventCountry "GER"]
[SourceTitle "EXT 2010"]
[Source "ChessBase"]
[SourceDate "2010.11.25"]
[SourceVersion "1"]
[SourceVersionDate "2010.11.25"]
[SourceQuality "1"]
[WhiteTeam "Ahaus Wessum"]
[BlackTeam "Saerbeck"]
[WhiteTeamCountry "GER"]
[BlackTeamCountry "GER"]

1. Nf3 Nf6 2. g3 g6 3. Bg2 Bg7 4. d3 d5 5. c3 c6 6. 0-0 0-0 7. Qa4 Nbd7 8. Qh4 e5 9. Bh6 Qb6 10. Bxg7 Kxg7 11. Qb4 Qxb4 12. cxb4 a6 13. Nfd2 Re8 14. Nc3 Nb6 15. a4 Bd7 16. a5 Nc8 17. Na4 Nd6 18. Nc5 Rad8 19. e4 Bc8 20. Rae1 dxe4 21. dxe4 Nd7 22. Ncb3 Nf8 23. f4 1/2-1/2

[Event "Muensterland Verbandsliga 0708"]
[Site "Germany"]
[Date "2008.04.26"]
[Round "9.6"]
[White "Sparwel, Oliver"]
[Black "Waltermann, Jens"]
[Result "1-0"]
[WhiteElo "1912"]
[BlackElo "1897"]
[PlyCount "49"]
[EventDate "2007.09.08"]
[EventType "team"]
[EventRounds "9"]
[EventCountry "GER"]
[SourceTitle "EXT 2009"]
[Source "ChessBase"]
[SourceDate "2008.11.26"]
[SourceVersion "1"]
[SourceVersionDate "2008.11.26"]
[SourceQuality "1"]
[WhiteTeam "Suedlohn"]
[BlackTeam "Saerbeck"]
[WhiteTeamCountry "GER"]
[BlackTeamCountry "GER"]

1. Nf3 g6 2. e4 Bg7 3. Bc4 c6 4. Nc3 e6 5. d4 d5 6. Bb3 Nd7 7. 0-0 Ne7 8. Bf4 b5 9. exd5 Nxd5 10. Bxd5 exd5 11. Re1+ Kf8 12. a4 bxa4 13. Nxa4 h6 14. Qd2 Kg8 15. Qc3 Qf6 16. Be5 Nxe5 17. Nxe5 Kh7 18. Nb6 axb6 19. Rxa8 Bb7 20. Ra7 Rb8 21. Qg3 Qd8 22. Nxf7 Qf8 23. Qc7 Re8 24. Rxe8 Qxe8 25. Ne5 1-0

[Event "Muensterland Verbandsliga 0708"]
[Site "Germany"]
[Date "2007.11.03"]
[Round "3.4"]
[White "Waltermann, Jens"]
[Black "Beyer, Dietmar"]
[Result "0-1"]
[WhiteElo "1897"]
[BlackElo "2044"]
[PlyCount "44"]
[EventDate "2007.09.08"]
[EventType "team"]
[EventRounds "9"]
[EventCountry "GER"]
[SourceTitle "EXT 2009"]
[Source "ChessBase"]
[SourceDate "2008.11.26"]
[SourceVersion "1"]
[SourceVersionDate "2008.11.26"]
[SourceQuality "1"]
[WhiteTeam "Saerbeck"]
[BlackTeam "Heiden"]
[WhiteTeamCountry "GER"]
[BlackTeamCountry "GER"]

1. Nf3 c5 2. g3 d5 3. Bg2 Nc6 4. d3 Nf6 5. 0-0 e5 6. Nc3 d4 7. Nb1 Bd6 8. e4 Bg4 9. h3 Bd7 10. Nbd2 Bc7 11. a4 h6 12. Nh4 g6 13. Nc4 Qe7 14. Qe1 Nh5 15. Bd2 Nf4 16. Bxf4 exf4 17. Kh2 fxg3+ 18. fxg3 Qxh4 19. e5 Qe7 20. Nd6+ Bxd6 21. exd6 Qxe1 22. Raxe1+ Be6 0-1